000 00613nam a2200181 4500
999 _c162574
_d162574
005 20190316114225.0
010 _aENG-124888
020 _a9789350578179
_c195.00
035 _aEN-108420
037 _bDBAD/PUB
082 _a354.08
100 _aPrasoon,Shrikant
245 _aKautilya arthshastra:
_cby Shrikant Prasoon
_b15 case shedies of his managment principles/
260 _aNew Delhi
_bV & S Publishers
_c2018
270 _aF-2/16,Ansari Road,Darya Ganj,
_bNew Delhi
_e110002
_mwww.vspubishers.com
_k011-23240026,23240027
300 _a71p.
_c21cm(pbk)
942 _2ddc
_cEN
_h354.08
_mPRA